| 000 | 00793cam a22002653a 4500 | ||
|---|---|---|---|
| 001 | 24271 | ||
| 003 | PGUSA | ||
| 005 | 20140828083523.0 | ||
| 008 | 080113s2008||||xxu|||||s|||||000 | eng d | ||
| 040 |
_aPGUSA _beng |
||
| 042 | _adc | ||
| 050 | 4 | _aPZ | |
| 050 | 4 | _aPN | |
| 100 | 1 |
_aFord, Robert, _d1846-1905 |
|
| 245 | 1 | 0 |
_aChildren's Rhymes, Children's Games, Children's Songs, Children's Stories : _bA Book for Bairns and Big Folk _h[electronic resource] / _cRobert Ford |
| 260 |
_bProject Gutenberg, _c2008 |
||
| 506 | _aPublic domain in the USA. | ||
| 516 | _aElectronic text | ||
| 653 | _aNursery rhymes | ||
| 653 | _aChildren's literature | ||
| 653 | _aChildren's songs | ||
| 830 | 0 |
_aProject Gutenberg _v24271 |
|
| 856 | 4 | 0 | _uhttp://www.gutenberg.org/ebooks/24271 |
| 942 | _cEB | ||
| 999 |
_c253526 _d253526 |
||